00635nam a2200181 a 450000100100000000500170001000800410002704000250006808200080009310000290010124000260013024500670015626000490022330000210027270000350029395201080032899900170043600004030520201002034039.0130821s1976 cu 000 0 spa d aDO-SdBNPbspacBNPHU axxx1 aSembén, Usmán96651010aVoltaiqueslespañol10aVoltaicas /cUsmán Sembén ; traducción David González. aLa Habana, Cuba :bArte y Literatura,c1976. a159 p. ;c18 cm.1 aGonzález, David,etr.966590 001050718MOaGRbGRcCTd2013-08-21iLF1l0oxxx p40305-10r2020-06-25w2020-06-25y1ZNo se presta c39795d39795